[Event "Titled Tuesday intern op 16th Apr Early"]
[Site "Chess.com INT"]
[Date "2024.04.16"]
[Round "4"]
[White "Jaque Gutierrez, Matias"]
[Black "Salinas Herrera, Pablo Patricio"]
[Result "0-1"]
[WhiteElo "2189"]
[BlackElo "2487"]
[PlyCount "70"]
[EventDate "2024.04.16"]
[EventType "swiss (blitz)"]
[EventRounds "11"]
[EventCountry "USA"]
[SourceTitle "CB17_2024"]
[SourceDate "2024.04.24"]
[SourceVersion "1"]
[SourceVersionDate "2024.04.24"]
[SourceQuality "1"]

1. c4 g6 2. g3 Bg7 3. Bg2 Nf6 4. Nc3 0-0 5. e4 e5 6. Nge2 c5 7. d3 d6 8. 0-0 Nc6 9. h3 a6 10. f4 Rb8 11. a4 exf4 12. Nxf4 Nd7 13. Kh2 Nde5 14. Ncd5 b5 15. axb5 axb5 16. b3 bxc4 17. bxc4 Nxc4 18. Ra2 N4e5 19. Be3 Be6 20. Qd2 Bxd5 21. Nxd5 Nb4 22. Nxb4 Rxb4 23. d4 Nc4 24. Qd3 Nxe3 25. Qxe3 Bxd4 26. Qf3 Qe7 27. Rd1 Be5 28. Kh1 Rfb8 29. Rf2 Rb3 30. Qg4 Rxg3 31. Qe2 Rb2 32. Qf1 Rxf2 33. Qxf2 Ra3 34. Rb1 Kg7 35. Kg1 Bd4 0-1

[Event "Mar del Plata op 53rd"]
[Site "Mar del Plata"]
[Date "2024.03.30"]
[Round "8"]
[White "Jaque Gutierrez, Matias"]
[Black "Romero Barreto, Jaime Jose"]
[Result "1-0"]
[WhiteElo "2173"]
[BlackElo "2320"]
[PlyCount "109"]
[EventDate "2024.03.23"]
[EventType "swiss"]
[EventRounds "9"]
[EventCountry "ARG"]
[SourceTitle "CB14_2024"]
[SourceDate "2024.04.01"]
[SourceVersion "1"]
[SourceVersionDate "2024.04.01"]
[SourceQuality "1"]

1. d4 Nf6 2. c4 g6 3. g3 Bg7 4. Bg2 0-0 5. Nc3 d6 6. Nf3 c6 7. e4 Bd7 8. 0-0 Qc8 9. e5 dxe5 10. dxe5 Ng4 11. Bf4 Rd8 12. h3 Be6 13. Qc1 Bxc4 14. Re1 Na6 15. hxg4 Nb4 16. Re4 Nd3 17. Qc2 Be6 18. Bg5 Qc7 19. Nb5 Qb6 20. Nbd4 Nb4 21. Qc3 Bd5 22. Ree1 Nxa2 23. Qa3 f6 24. exf6 exf6 25. Bd2 Bf8 26. Qa5 Qxa5 27. Bxa5 b6 28. Bd2 Bc5 29. Ne6 Bxf3 30. Nxd8 Rxd8 31. Be3 Bxg2 32. Kxg2 Nb4 33. Bxc5 Nc2 34. Red1 Rxd1 35. Rxd1 bxc5 36. Rc1 Nb4 37. Rxc5 Kf7 38. Ra5 a6 39. Ra4 c5 40. Ra5 Nd3 41. b3 Ke6 42. Rxa6+ Ke5 43. f4+ Ke4 44. Rxf6 Ne1+ 45. Kf1 Nf3 46. Re6+ Kd5 47. Re2 Nd4 48. Re5+ Kc6 49. Re3 Kb5 50. Rd3 Nc6 51. f5 Ne5 52. f6 Kc6 53. Re3 Nxg4 54. Re6+ Kd7 55. f7 1-0

[Event "CHI-ch"]
[Site "Santiago"]
[Date "2024.02.26"]
[Round "11"]
[White "Palma Neira, Eliseo Maximiliano"]
[Black "Jaque Gutierrez, Matias"]
[Result "1-0"]
[WhiteElo "1991"]
[BlackElo "2177"]
[PlyCount "101"]
[EventDate "2024.02.19"]
[EventType "swiss"]
[EventRounds "11"]
[EventCountry "CHI"]
[SourceTitle "CB09_2024"]
[SourceDate "2024.02.28"]
[SourceVersion "1"]
[SourceVersionDate "2024.02.28"]
[SourceQuality "1"]

1. d4 d5 2. Nf3 Nf6 3. c4 e6 4. Nc3 c6 5. g3 dxc4 6. Bg2 Nbd7 7. 0-0 b5 8. Qc2 b4 9. Nb1 Ba6 10. Nbd2 Rc8 11. Nxc4 c5 12. b3 Bb7 13. Rd1 cxd4 14. Nxd4 Bxg2 15. Kxg2 Bc5 16. Qd3 0-0 17. Bb2 Ng4 18. Qf3 e5 19. Qxg4 Nf6 20. Qf3 exd4 21. e3 a5 22. Bxd4 Bxd4 23. Rxd4 Qc7 24. Rad1 Ra8 25. e4 h6 26. e5 Nh7 27. h4 Rfd8 28. Nd6 Rab8 29. Nb5 Qe7 30. Rxd8+ Rxd8 31. Rxd8+ Qxd8 32. Nd6 Qe7 33. Qa8+ Nf8 34. Qxa5 Ng6 35. f4 Qe6 36. Qa8+ Nf8 37. Qe4 Nd7 38. Qc4 Qe7 39. Qxb4 g5 40. hxg5 hxg5 41. Qe4 gxf4 42. gxf4 Nc5 43. Qa8+ Kh7 44. Qe8 Qh4 45. Qxf7+ Kh8 46. Qf6+ Qxf6 47. exf6 Nd3 48. Kf3 Nc1 49. b4 Nxa2 50. b5 Nb4 51. Ke4 1-0

[Event "CHI-ch"]
[Site "Santiago"]
[Date "2024.02.25"]
[Round "10"]
[White "Jaque Gutierrez, Matias"]
[Black "Amigo Quintana, Antu"]
[Result "1/2-1/2"]
[WhiteElo "2177"]
[BlackElo "2040"]
[PlyCount "155"]
[EventDate "2024.02.19"]
[EventType "swiss"]
[EventRounds "11"]
[EventCountry "CHI"]
[SourceTitle "CB09_2024"]
[SourceDate "2024.02.28"]
[SourceVersion "1"]
[SourceVersionDate "2024.02.28"]
[SourceQuality "1"]

1. d4 Nf6 2. c4 e6 3. g3 d5 4. Nf3 dxc4 5. Bg2 Bd7 6. Nbd2 Bb5 7. 0-0 Nc6 8. Nb1 Be7 9. Nc3 Ba6 10. e4 0-0 11. h4 Nb4 12. e5 Nfd5 13. Ng5 h6 14. Nge4 Nd3 15. Bd2 f5 16. exf6 Nxf6 17. Be3 Nxb2 18. Nxf6+ Rxf6 19. Qg4 Nd3 20. Ne4 Rf7 21. Bh3 b5 22. Qg6 Bc8 23. Bxh6 Qxd4 24. Be3 Ne5 25. Qxf7+ Kxf7 26. Bxd4 Nf3+ 27. Kh1 Nxd4 28. Rfd1 c5 29. Rac1 Bb7 30. Bg2 Bd5 31. Nc3 Bxg2+ 32. Kxg2 b4 33. Ne4 c3 34. Nxc3 bxc3 35. Rxc3 Rb8 36. Rd2 e5 37. f4 exf4 38. gxf4 Ke6 39. Re3+ Kd6 40. h5 Bf6 41. Ra3 Rb7 42. Ra6+ Rb6 43. Rxa7 c4 44. Rf7 c3 45. Rxf6+ gxf6 46. Rxd4+ Kc5 47. Rd1 Kc4 48. h6 f5 49. h7 Rg6+ 50. Kf2 Rh6 51. Rd7 c2 52. Kf3 Kc3 53. Rc7+ Kd2 54. Rd7+ Ke1 55. Rc7 Kd2 56. Rd7+ Kc3 57. Rc7+ Kb2 58. Rb7+ Ka1 59. Rc7 Kb1 60. Rb7+ Kxa2 61. Rc7 Kb2 62. Rb7+ Kc3 63. Rc7+ Kd2 64. Rd7+ Ke1 65. Rc7 Kd1 66. Rd7+ Ke1 67. Rc7 Kd2 68. Rd7+ Kc3 69. Rc7+ Kb3 70. Rb7+ Ka3 71. Rc7 Kb3 72. Rb7+ Kc3 73. Rc7+ Kd3 74. Rd7+ Kc3 75. Rc7+ Kd2 76. Rd7+ Ke1 77. Rc7 Kd2 78. Rd7+ 1/2-1/2

[Event "Titled Tuesday intern op 13th Feb Early"]
[Site "Chess.com INT"]
[Date "2024.02.13"]
[Round "3"]
[White "Jaque Gutierrez, Matias"]
[Black "Amigo Quintana, Antu"]
[Result "1/2-1/2"]
[WhiteElo "2177"]
[BlackElo "2040"]
[PlyCount "135"]
[EventDate "2024.02.13"]
[EventType "swiss (blitz)"]
[EventRounds "11"]
[EventCountry "USA"]
[SourceTitle "CB08_2024"]
[SourceDate "2024.02.21"]
[SourceVersion "1"]
[SourceVersionDate "2024.02.21"]
[SourceQuality "1"]

1. c4 e6 2. g3 d5 3. Nf3 dxc4 4. Bg2 Nf6 5. Qa4+ Nbd7 6. Qxc4 a6 7. Qc2 c5 8. 0-0 Be7 9. d4 0-0 10. Rd1 cxd4 11. Nxd4 Qb6 12. Nc3 Nc5 13. Rb1 e5 14. Nf5 Bd8 15. b4 Ne6 16. e3 Bd7 17. Nd6 Bc6 18. Nc4 Qc7 19. e4 Be7 20. Nd5 Bxd5 21. exd5 Nd4 22. Rxd4 exd4 23. Bf4 Qd7 24. Nb6 Qb5 25. Nxa8 Rxa8 26. a4 Qd7 27. a5 Rc8 28. Qd3 Nxd5 29. Qxd4 Nf6 30. Qxd7 Nxd7 31. Bxb7 Rc4 32. Bd2 Rd4 33. Be1 Nb8 34. Bc3 Rc4 35. Be5 Nd7 36. Bf4 Rxb4 37. Rxb4 Bxb4 38. Bc7 Nc5 39. Bc8 Ne6 40. Bb6 Nc5 41. Kf1 Kf8 42. Ke2 Ke7 43. Ke3 Kd6 44. Bxc5+ Bxc5+ 45. Kd3 Bb4 46. Bxa6 Bxa5 47. Bc4 Bb6 48. f3 Bg1 49. h4 f6 50. Ke4 Bh2 51. g4 Be5 52. Kf5 Ke7 53. h5 h6 54. Bd5 Kf8 55. Kg6 Bf4 56. Kf5 Be5 57. f4 Bc3 58. Bc4 Bd4 59. Bd5 Bc3 60. g5 fxg5 61. fxg5 hxg5 62. Kxg5 Bd2+ 63. Kg6 Bh6 64. Be4 Bc1 65. Bf5 Bh6 66. Be4 Bc1 67. Bf5 Bh6 68. Be4 1/2-1/2

[Event "Titled Tuesday intern op 19th Dec Early"]
[Site "Chess.com INT"]
[Date "2023.12.19"]
[Round "3"]
[White "Jaque Gutierrez, Matias"]
[Black "Tokhirjonova, Gulruhbegim"]
[Result "0-1"]
[WhiteElo "2187"]
[BlackElo "2370"]
[PlyCount "66"]
[EventDate "2023.12.19"]
[EventType "swiss (blitz)"]
[EventRounds "11"]
[EventCountry "USA"]
[SourceTitle "CB52_2023"]
[SourceDate "2023.12.27"]
[SourceVersion "1"]
[SourceVersionDate "2023.12.27"]
[SourceQuality "1"]

1. Nf3 d5 2. d4 Nf6 3. c4 c6 4. g3 g6 5. Bg2 Bg7 6. 0-0 0-0 7. b3 dxc4 8. bxc4 Na6 9. Bb2 Ne4 10. Nc3 Bf5 11. Nh4 Nxc3 12. Bxc3 Be6 13. Qa4 Qc7 14. Nf3 Rfd8 15. Ba5 b6 16. Bc3 Nc5 17. Qa3 Nb7 18. d5 Bxc3 19. dxe6 Bxa1 20. exf7+ Kxf7 21. Ng5+ Kg8 22. Rxa1 Qd6 23. Qf3 Qf6 24. Qxf6 exf6 25. Bxc6 fxg5 26. Bxb7 Rab8 27. Bd5+ Kg7 28. e4 Rbc8 29. Rc1 Kf6 30. Rc3 g4 31. Kg2 h5 32. Ra3 Rc7 33. h3 Re7 0-1

[Event "Titled Tuesday intern op 18th Jul Late"]
[Site "Chess.com INT"]
[Date "2023.07.18"]
[Round "4"]
[White "Chabris, Christopher"]
[Black "Jaque Gutierrez, Matias"]
[Result "0-1"]
[WhiteElo "2051"]
[BlackElo "2205"]
[PlyCount "84"]
[EventDate "2023.07.18"]
[EventType "swiss (blitz)"]
[EventRounds "11"]
[EventCountry "USA"]
[SourceTitle "EXT 2024"]
[Source "ChessBase"]
[SourceDate "2023.10.10"]
[SourceVersion "1"]
[SourceVersionDate "2023.10.10"]
[SourceQuality "1"]

1. e4 c5 2. Nf3 e6 3. d4 cxd4 4. Nxd4 a6 5. c4 Nf6 6. Nc3 Bb4 7. Nc2 Bxc3+ 8. bxc3 0-0 9. Ba3 Re8 10. e5 Ne4 11. Bd3 d5 12. exd6 Nxc3 13. Qd2 Na4 14. 0-0 Nc6 15. Rfe1 e5 16. Be4 Nb6 17. c5 Nc4 18. Qd3 Nxa3 19. Bxh7+ Kh8 20. Nxa3 g6 21. Bxg6 fxg6 22. Qxg6 Re6 23. Qh5+ Kg7 24. Re3 Rg6 25. Rae1 Bg4 26. Qxg6+ Kxg6 27. Rg3 Kh5 28. Nc4 Qf6 29. Ne3 Be6 30. Rf3 Qg7 31. h3 Nd4 32. Rg3 Qf6 33. Ng4 Bxg4 34. Rxg4 Rf8 35. f3 Rc8 36. d7 Rxc5 37. Ree4 Rd5 38. g3 Rxd7 39. Rh4+ Kg6 40. Reg4+ Kf7 41. Rh7+ Ke6 42. f4 Rxh7 0-1

[Event "Titled Tuesday intern op 18th Jul Late"]
[Site "Chess.com INT"]
[Date "2023.07.18"]
[Round "7"]
[White "Jaque Gutierrez, Matias"]
[Black "Shuvalova, Polina"]
[Result "0-1"]
[WhiteElo "2205"]
[BlackElo "2496"]
[PlyCount "150"]
[EventDate "2023.07.18"]
[EventType "swiss (blitz)"]
[EventRounds "11"]
[EventCountry "USA"]
[SourceTitle "EXT 2024"]
[Source "ChessBase"]
[SourceDate "2023.10.10"]
[SourceVersion "1"]
[SourceVersionDate "2023.10.10"]
[SourceQuality "1"]

1. Nf3 Nf6 2. c4 e6 3. g3 d5 4. d4 Be7 5. Bg2 0-0 6. 0-0 Nbd7 7. Qc2 c6 8. Nbd2 b6 9. e4 Bb7 10. cxd5 cxd5 11. e5 Ne4 12. Nxe4 dxe4 13. Nd2 Rc8 14. Qd1 Nb8 15. Nxe4 Bd5 16. Be3 Qd7 17. Nc3 Bxg2 18. Kxg2 Rfd8 19. Qf3 Nc6 20. Rfd1 Bb4 21. Rac1 Bxc3 22. bxc3 b5 23. Bg5 Re8 24. Qg4 Kh8 25. h4 h6 26. Be3 Ne7 27. Qe4 Qd5 28. Qxd5 Nxd5 29. Bd2 Rc4 30. Rb1 a6 31. Rb3 Rec8 32. Rc1 Ra4 33. a3 Kg8 34. Kf1 Nb6 35. Ke2 Kf8 36. Kd3 Rac4 37. g4 Ke7 38. h5 Nd5 39. g5 hxg5 40. Bxg5+ Kd7 41. Bd2 Rh8 42. a4 Rxa4 43. c4 bxc4+ 44. Rxc4 Rxc4 45. Kxc4 Kc6 46. Rh3 Nb6+ 47. Kd3 Nd5 48. Rf3 Rxh5 49. Rxf7 Rh3+ 50. Ke2 g5 51. Bxg5 Nc3+ 52. Kf1 Kd5 53. Be3 a5 54. Ra7 a4 55. Kg2 Rh8 56. Bd2 Nb1 57. Bb4 Rg8+ 58. Kf1 Kxd4 59. Rxa4 Kd3 60. Ra1 Kc2 61. Ra2+ Kd3 62. Rb2 Rh8 63. Kg2 Rg8+ 64. Kh2 Rh8+ 65. Kg3 Rh1 66. Kg4 Rf1 67. Kg5 Ke4 68. Kf6 Kd5 69. Bd6 Nc3 70. Rd2+ Kc6 71. Kxe6 Ne4 72. Rc2+ Kb5 73. Kd5 Ng5 74. f4 Rd1+ 75. Rd2 Rxd2# 0-1

[Event "Titled Tuesday intern op 25th Apr Late"]
[Site "Chess.com INT"]
[Date "2023.04.25"]
[Round "5"]
[White "Bazilius, Augustinas"]
[Black "Jaque Gutierrez, Matias"]
[Result "0-1"]
[WhiteElo "2073"]
[BlackElo "2179"]
[PlyCount "44"]
[EventDate "2023.04.25"]
[EventType "swiss (blitz)"]
[EventRounds "11"]
[EventCountry "USA"]
[SourceTitle "EXT 2024"]
[Source "ChessBase"]
[SourceDate "2023.10.10"]
[SourceVersion "1"]
[SourceVersionDate "2023.10.10"]
[SourceQuality "1"]

1. d4 d5 2. c4 e6 3. Nf3 Nf6 4. g3 Be7 5. Bg2 0-0 6. 0-0 c6 7. Qc2 b6 8. Nbd2 Bb7 9. e4 Na6 10. a3 dxc4 11. Nxc4 c5 12. e5 Nd5 13. dxc5 Nxc5 14. b4 Nd7 15. Bb2 Rc8 16. Qb3 b5 17. Na5 Ba8 18. Nd4 Nc5 19. Qd1 Na4 20. Qe2 Ndc3 21. Bxc3 Nxc3 22. Qg4 Qxd4 0-1

[Event "Titled Tuesday intern op 18th Apr Late"]
[Site "Chess.com INT"]
[Date "2023.04.18"]
[Round "7"]
[White "Seletsky, Grigory"]
[Black "Jaque Gutierrez, Matias"]
[Result "1-0"]
[WhiteElo "2262"]
[BlackElo "2179"]
[PlyCount "97"]
[EventDate "2023.04.18"]
[EventType "swiss (blitz)"]
[EventRounds "11"]
[EventCountry "USA"]
[SourceTitle "EXT 2024"]
[Source "ChessBase"]
[SourceDate "2023.10.10"]
[SourceVersion "1"]
[SourceVersionDate "2023.10.10"]
[SourceQuality "1"]

1. e4 c5 2. Nf3 g6 3. c4 Bg7 4. Nc3 Nc6 5. d3 e6 6. g3 Nge7 7. Bg2 d6 8. 0-0 0-0 9. Nh4 a6 10. f4 Rb8 11. a4 Nd4 12. g4 Nec6 13. Nf3 Nxf3+ 14. Bxf3 Nd4 15. Bg2 f5 16. exf5 gxf5 17. g5 b5 18. axb5 axb5 19. Ra2 bxc4 20. dxc4 Qc7 21. h4 Bd7 22. h5 Bc6 23. h6 Bh8 24. Bxc6 Nxc6 25. Nb5 Qe7 26. Qxd6 Qxd6 27. Nxd6 Nd4 28. Be3 Rfd8 29. Nb5 Nxb5 30. cxb5 Rxb5 31. Rc1 Bxb2 32. Rxc5 Rb7 33. Rc6 Kf7 34. Ra7 Rxa7 35. Bxa7 Ra8 36. Be3 Ra4 37. Kf2 Re4 38. Rc7+ Kg6 39. Kf3 e5 40. Rg7+ Kh5 41. Rxh7 exf4 42. Bxf4 Bc3 43. Rd7 Ra4 44. Rd1 Ra8 45. Rh1+ Kg6 46. h7 Rh8 47. Rh6+ Kg7 48. Rc6 Bb2 49. g6 1-0

[Event "Mar del Plata op 52nd"]
[Site "Mar del Plata"]
[Date "2023.04.04"]
[Round "5"]
[White "Jaque Gutierrez, Matias"]
[Black "Rodriguez Vila, Andres"]
[Result "1/2-1/2"]
[WhiteElo "2179"]
[BlackElo "2427"]
[PlyCount "72"]
[EventDate "2023.04.01"]
[EventType "swiss"]
[EventRounds "9"]
[EventCountry "ARG"]
[SourceTitle "CBM 213 Extra"]
[Source "ChessBase"]
[SourceDate "2023.05.31"]
[SourceVersion "1"]
[SourceVersionDate "2023.05.31"]
[SourceQuality "1"]

1. Nf3 c5 2. c4 b6 3. g3 Bb7 4. Bg2 g6 5. d4 cxd4 6. Qxd4 Nf6 7. 0-0 Bg7 8. Nc3 0-0 9. Qh4 Qc8 10. Bd2 d6 11. Rac1 Nbd7 12. Nd5 Re8 13. Rfd1 e6 14. Nc3 a6 15. Bh6 Qc5 16. Bxg7 Kxg7 17. Qd4 Qxd4 18. Rxd4 d5 19. cxd5 exd5 20. e3 Nc5 21. Ne1 Nce4 22. Rb4 Re6 23. Na4 b5 24. Nd3 a5 25. Rb3 Nd2 26. Nac5 Rb6 27. Rbc3 Nde4 28. R3c2 Rd8 29. Nb3 a4 30. Nd4 a3 31. b3 b4 32. Rc7 Ne8 33. R7c2 Ba6 34. Ne5 Bb7 35. Nd3 Ba6 36. Ne5 Bb7 1/2-1/2

[Event "Mar del Plata op 52nd"]
[Site "Mar del Plata"]
[Date "2023.04.03"]
[Round "4"]
[White "Tempone, Marcelo"]
[Black "Jaque Gutierrez, Matias"]
[Result "0-1"]
[WhiteElo "2409"]
[BlackElo "2179"]
[PlyCount "72"]
[EventDate "2023.04.01"]
[EventType "swiss"]
[EventRounds "9"]
[EventCountry "ARG"]
[SourceTitle "CBM 213 Extra"]
[Source "ChessBase"]
[SourceDate "2023.05.31"]
[SourceVersion "1"]
[SourceVersionDate "2023.05.31"]
[SourceQuality "1"]

1. Nf3 d5 2. d4 Nf6 3. c4 e6 4. e3 a6 5. b3 Nbd7 6. Bd3 b6 7. 0-0 Bb7 8. Bb2 Bd6 9. Nc3 0-0 10. Rc1 Re8 11. Na4 dxc4 12. bxc4 c5 13. Ne5 Qc7 14. f4 Rad8 15. Qc2 Nf8 16. Ba1 Ba8 17. Rb1 Rb8 18. Nc3 Red8 19. a4 Be7 20. Ne2 Ne8 21. Ng3 Nd6 22. Rfc1 f6 23. Ng4 Nf7 24. Nh5 f5 25. d5 fxg4 26. Bxh7+ Nxh7 27. Qg6 Bf8 28. Bxg7 Nh8 29. Be5+ Nxg6 30. Bxc7 exd5 31. Bxd8 Rxd8 32. Rxb6 Nh4 33. Rd1 d4 34. Ng3 Nxg2 35. exd4 Nxf4 36. Rxa6 Bf3 0-1